[Event "20ème Open international de La Réunion"]
[Site "Salle des fêtes de Bellepierr"]
[Date "2018.10.15"]
[Round "3.1"]
[White "Anilkumar, N R."]
[Black "Testud, Philippe"]
[Result "1/2-1/2"]
[WhiteElo "2334"]
[BlackElo "2158"]
[PlyCount "92"]
[EventDate "2018.??.??"]

1. d4 Nf6 2. Nf3 e6 3. e3 d5 4. Bd3 c5 5. b3 Nc6 6. O-O Bd6 7. Bb2 O-O 8. Nbd2
Qe7 9. c4 cxd4 10. exd4 Ba3 11. Qc1 Bxb2 12. Qxb2 dxc4 13. bxc4 Qb4 14. Nb3 Rd8
15. Rad1 Na5 16. Qc2 Nxb3 17. axb3 Bd7 18. Ng5 h6 19. Ne4 Nxe4 20. Bxe4 Bc6 21.
Bxc6 bxc6 22. g3 Rab8 23. Rd3 Rb7 24. Rfd1 Rbd7 25. R1d2 Qa5 26. Qd1 Qb6 27. d5
cxd5 28. cxd5 Rxd5 29. Rxd5 Rxd5 30. Rxd5 exd5 31. Qxd5 h5 32. Qa8+ Kh7 33. Qf3
Kg8 34. Qa8+ Kh7 35. Qe4+ g6 36. Qc4 Qb7 37. b4 a6 38. h3 Kg7 39. Qd4+ Kf8 40.
g4 hxg4 41. hxg4 Qb5 42. Kg2 Ke7 43. Kg1 Ke6 44. Qe4+ Qe5 45. Qc6+ Qd6 46. Qc4+
Ke7 1/2-1/2

[Event "20ème Open international de La Réunion"]
[Site "Salle des fêtes de Bellepierr"]
[Date "2018.10.15"]
[Round "3.2"]
[White "Ramasindraibe, Girard"]
[Black "Denoyelle, Arnaud"]
[Result "1-0"]
[WhiteElo "2073"]
[BlackElo "2229"]
[PlyCount "139"]
[EventDate "2018.??.??"]

1. e4 Nc6 2. d4 d5 3. e5 Bf5 4. f4 e6 5. Nf3 Nb4 6. Na3 c5 7. c3 Nc6 8. Nc2 Qb6
9. Bd3 Nh6 10. O-O cxd4 11. cxd4 Rc8 12. Kh1 Bxd3 13. Qxd3 Be7 14. Bd2 a5 15.
Ne3 Qa6 16. Qb1 g6 17. f5 Nxf5 18. Nxf5 gxf5 19. Qe1 Rg8 20. Rc1 Kd7 21. a3 Rg4
22. h3 Rg6 23. Qe3 Rcg8 24. Rf2 Rg3 25. Qc3 Qb6 26. Bf4 R3g6 27. Rfc2 Qb5 28.
Qe3 Bd8 29. Kh2 a4 30. Rd1 Bb6 31. Rd3 Na5 32. Nh4 R6g7 33. Qe2 Bd8 34. Bh6
Bxh4 35. Bxg7 Rxg7 36. Rc5 Qa6 37. Qc2 Nc6 38. b4 axb3 39. Rxb3 Bd8 40. Rcb5
Nxd4 41. Rxb7+ Ke8 42. Qc8 Qc6 43. Rc3 Qxc8 44. Rxc8 Rg8 45. a4 f4 46. a5 f3
47. g4 h5 48. Rxd8+ Kxd8 49. Rb8+ Kc7 50. Rxg8 hxg4 51. h4 Nf5 52. Rxg4 d4 53.
Rf4 d3 54. Rxf3 d2 55. Rd3 Nxh4 56. Kg3 Ng6 57. Rxd2 Nxe5 58. Rb2 Nd3 59. Rb1
Nc5 60. Kf4 f6 61. Rb6 Nb7 62. Ra6 Nd6 63. Ke3 e5 64. Kd3 f5 65. Rb6 f4 66. Rb1
e4+ 67. Kd4 e3 68. a6 e2 69. a7 e1=Q 70. a8=N+ 1-0

[Event "20ème Open international de La Réunion"]
[Site "Salle des fêtes de Bellepierr"]
[Date "2018.10.15"]
[Round "3.3"]
[White "Gimenez Martinez, Alberto"]
[Black "Roblet, Charles"]
[Result "1-0"]
[WhiteElo "2213"]
[BlackElo "2052"]
[PlyCount "61"]
[EventDate "2018.??.??"]

1. e4 c5 2. Nf3 Nc6 3. d4 cxd4 4. Nxd4 Nf6 5. Nc3 e5 6. Ndb5 d6 7. Bg5 a6 8.
Na3 b5 9. Bxf6 gxf6 10. Nd5 f5 11. c3 Bg7 12. exf5 Bxf5 13. Nc2 O-O 14. Nce3
Be6 15. Bd3 f5 16. Bc2 Ra7 17. Qh5 Ne7 18. Nxe7+ Qxe7 19. Bxf5 Bxf5 20. Nxf5
Qf6 21. g4 d5 22. O-O Kh8 23. Rab1 Qe6 24. Rfe1 Bf6 25. f4 Rg8 26. h3 Rd7 27.
Nd4 Qe7 28. fxe5 Bh4 29. Rf1 Bg3 30. e6 Rg5 31. Qh6 1-0

[Event "20ème Open international de La Réunion"]
[Site "Salle des fêtes de Bellepierr"]
[Date "2018.10.15"]
[Round "3.4"]
[White "Mezouaghi, Miloud"]
[Black "Leveille, Francois"]
[Result "1/2-1/2"]
[WhiteElo "2022"]
[BlackElo "2202"]
[PlyCount "77"]
[EventDate "2018.??.??"]

1. Nf3 g6 2. g3 Bg7 3. Bg2 Nf6 4. O-O O-O 5. c4 d6 6. Nc3 e5 7. d3 Nc6 8. Rb1
a5 9. a3 Re8 10. h3 e4 11. dxe4 Nxe4 12. Nxe4 Rxe4 13. b3 Re8 14. Bg5 f6 15.
Bd2 Bf5 16. Rb2 Qd7 17. Kh2 Be4 18. Bc3 f5 19. Qd2 Bxc3 20. Qxc3 Qg7 21. Rc1 b6
22. Ne1 Ne5 23. f3 Bc6 24. f4 Bxg2 25. fxe5 Bc6 26. exd6 cxd6 27. Qxg7+ Kxg7
28. Rd1 Rad8 29. Kg1 Re3 30. Kf2 f4 31. Nf3 Bxf3 32. exf3 Rc3 33. gxf4 Re8 34.
Re2 Rxe2+ 35. Kxe2 Rxb3 36. Rxd6 Rxa3 37. Rxb6 Rc3 38. Ra6 Rxc4 39. Rxa5
1/2-1/2

[Event "20ème Open international de La Réunion"]
[Site "Salle des fêtes de Bellepierr"]
[Date "2018.10.15"]
[Round "3.5"]
[White "Ranaivoharisoa, Alain"]
[Black "Triton, Maxime"]
[Result "1-0"]
[WhiteElo "2196"]
[BlackElo "1941"]
[PlyCount "76"]
[EventDate "2018.??.??"]

1. e4 c5 2. Nc3 e6 3. d3 Nc6 4. g3 Nf6 5. f4 d5 6. e5 Nd7 7. Bg2 Be7 8. Nf3 a6
9. a4 O-O 10. O-O Rb8 11. Re1 b5 12. axb5 axb5 13. g4 b4 14. Ne2 Qb6 15. Kh1 b3
16. c3 Ba6 17. Ng3 Bb7 18. f5 d4 19. c4 Ra8 20. Rxa8 Rxa8 21. g5 g6 22. Kg1 Ra1
23. fxe6 fxe6 24. Bh3 Nb4 25. Ne4 Rxc1 26. Qxc1 Nxd3 27. Qd2 Nxe1 28. Qxe1 Qc6
29. Nf6+ Kg7 30. Qh4 Nf8 31. Bg2 Qa6 32. Qf4 Qa1+ 33. Bf1 Qd1 34. Ne8+ Kg8 35.
Nd2 Qh5 36. Nf6+ Bxf6 37. exf6 Nd7 38. Nxb3 Bc6 1-0

[Event "20ème Open international de La Réunion"]
[Site "Salle des fêtes de Bellepierr"]
[Date "2018.10.15"]
[Round "3.7"]
[White "Rebut, Paul"]
[Black "Lorans, Sylvain"]
[Result "0-1"]
[WhiteElo "1718"]
[BlackElo "2177"]
[PlyCount "44"]
[EventDate "2018.??.??"]

1. e4 d5 2. exd5 Qxd5 3. Nc3 Qd6 4. Bc4 Nf6 5. Nf3 a6 6. d3 b5 7. Bb3 e6 8. Be3
Bb7 9. a3 Nbd7 10. Qe2 c5 11. Rd1 Qc6 12. Bf4 Be7 13. Nb1 O-O 14. c4 Rfe8 15.
O-O Bf8 16. Bg3 Nh5 17. Nc3 Nxg3 18. fxg3 Be7 19. Rd2 Rad8 20. d4 cxd4 21. cxb5
Qb6 22. Nd1 d3+ 0-1

[Event "20ème Open international de La Réunion"]
[Site "Salle des fêtes de Bellepierr"]
[Date "2018.10.15"]
[Round "3.8"]
[White "Fondrat, Johan"]
[Black "Rabe Andrianandrasan, Haingo"]
[Result "0-1"]
[WhiteElo "1499"]
[BlackElo "1860"]
[PlyCount "164"]
[EventDate "2018.??.??"]

1. e4 c6 2. d4 d5 3. exd5 cxd5 4. c4 Nc6 5. Nf3 Nf6 6. Be3 Qb6 7. b3 Bf5 8. Be2
e6 9. O-O Nb4 10. Nh4 Be4 11. Nc3 Be7 12. Nxe4 Nxe4 13. Nf3 O-O 14. c5 Qc7 15.
a3 Nc6 16. b4 Nc3 17. Qc2 Nxe2+ 18. Qxe2 a6 19. Qd2 Bf6 20. Bg5 Qe7 21. Bxf6
Qxf6 22. Rfe1 Rfe8 23. Ne5 Qh4 24. Nxc6 bxc6 25. Re5 f6 26. Re3 e5 27. dxe5
fxe5 28. Rae1 Qf4 29. Qe2 a5 30. Qb2 axb4 31. axb4 Ra4 32. Rxe5 Rxe5 33. Rxe5
Rxb4 34. g3 Rxb2 35. gxf4 Kf7 36. Re3 Rc2 37. Kg2 Rxc5 38. Kf3 Rc4 39. Ra3 Re4
40. Ra7+ Re7 41. Ra6 Rc7 42. Ke3 Ke7 43. Kd4 Kd6 44. f3 Rf7 45. Ke3 Kc5 46. Ra4
Rf6 47. Ra7 Rg6 48. Ra5+ Kb4 49. Ra6 c5 50. Ra1 Re6+ 51. Kd3 g6 52. Rb1+ Ka5
53. Ra1+ Kb6 54. Rb1+ Ka5 55. Ra1+ Kb6 56. Rb1+ Ka5 57. Ra1+ Kb5 58. Rb1+ Ka4
59. Ra1+ Kb3 60. Rb1+ Ka2 61. Rb5 Rc6 62. Kc2 Ka3 63. Kc3 Ka4 64. Rb7 h5 65.
Rd7 d4+ 66. Kc4 Ka5 67. Ra7+ Kb6 68. Ra1 Rf6 69. Rb1+ Kc6 70. Rg1 Rd6 71. Rg5
d3 72. Rxc5+ Kd7 73. Ra5 d2 74. Ra7+ Ke6 75. Rg7 d1=Q 76. Rxg6+ Kf7 77. Rg5
Rc6+ 78. Kb5 Qc2 79. Rf5+ Ke7 80. Re5+ Kd7 81. Rd5+ Kc7 82. f5 Qc4+ 0-1

[Event "20ème Open international de La Réunion"]
[Site "Salle des fêtes de Bellepierr"]
[Date "2018.10.15"]
[Round "3.9"]
[White "Dijoux, Julien"]
[Black "Evrin, Selvam"]
[Result "1/2-1/2"]
[WhiteElo "1831"]
[BlackElo "1518"]
[PlyCount "50"]
[EventDate "2018.??.??"]

1. e4 c5 2. Nf3 d6 3. d4 cxd4 4. Nxd4 Nf6 5. Nc3 g6 6. Be3 Bg7 7. f3 O-O 8. Qd2
Nc6 9. g4 Nxd4 10. Bxd4 Be6 11. O-O-O Qa5 12. Kb1 Rfc8 13. Nd5 Qxd2 14. Nxf6+
Bxf6 15. Rxd2 Bxd4 16. Rxd4 Rc5 17. Bd3 h5 18. b4 Rc3 19. gxh5 gxh5 20. Rg1+
Kf8 21. Rg5 Ra3 22. Rxh5 Kg7 23. e5 dxe5 24. Rdh4 Rg8 25. Rxe5 Kf6 1/2-1/2

[Event "20ème Open international de La Réunion"]
[Site "Salle des fêtes de Bellepierr"]
[Date "2018.10.15"]
[Round "3.10"]
[White "Pun Chung, Leo"]
[Black "Rajaonson, Andriamahenina"]
[Result "1-0"]
[WhiteElo "1458"]
[BlackElo "1822"]
[PlyCount "53"]
[EventDate "2018.??.??"]

1. e4 e6 2. d3 d5 3. Nd2 c5 4. Ngf3 Nc6 5. g3 Nf6 6. Bg2 Be7 7. O-O O-O 8. e5
Nd7 9. Re1 Qc7 10. Qe2 b6 11. h4 Bb7 12. Nf1 Rac8 13. Bf4 b5 14. Ng5 h6 15. Nf3
Nd4 16. Qd2 Nf5 17. N1h2 d4 18. Bh3 Bxf3 19. Nxf3 Qc6 20. Bg2 Qc7 21. g4 Nxh4
22. Nxh4 Bxh4 23. Bxh6 gxh6 24. Qxh6 Qd8 25. Be4 Bxf2+ 26. Kxf2 f5 27. Qg6+ 1-0

[Event "20ème Open international de La Réunion"]
[Site "Salle des fêtes de Bellepierr"]
[Date "2018.10.15"]
[Round "3.11"]
[White "Le Maguet, Loan"]
[Black "Calmels, Nicolas"]
[Result "1-0"]
[WhiteElo "1420"]
[BlackElo "1820"]
[PlyCount "47"]
[EventDate "2018.??.??"]

1. b4 e5 2. Bb2 Bxb4 3. Bxe5 Nf6 4. Nf3 d6 5. Bb2 Nc6 6. c4 Bg4 7. e3 Qe7 8.
Be2 O-O 9. O-O d5 10. d4 dxc4 11. Bxc4 Na5 12. Bd3 Rad8 13. a3 Bd6 14. Nbd2 c5
15. Qe1 b6 16. e4 Bb8 17. e5 Nh5 18. Qe4 f5 19. Qe3 cxd4 20. Bxd4 f4 21. Qe1
Bxf3 22. Nxf3 Nb3 23. Bc4+ Kh8 24. Bxb3 1-0

[Event "20ème Open international de La Réunion"]
[Site "Salle des fêtes de Bellepierr"]
[Date "2018.10.15"]
[Round "3.12"]
[White "Muller, Sebastien"]
[Black "Larmet, Nino"]
[Result "0-1"]
[WhiteElo "1397"]
[BlackElo "1786"]
[PlyCount "64"]
[EventDate "2018.??.??"]

1. e4 e5 2. Nf3 Nc6 3. Bc4 Bc5 4. O-O Nf6 5. d3 O-O 6. c3 d5 7. exd5 Nxd5 8.
Bxd5 Qxd5 9. b4 Be7 10. Re1 Bg4 11. c4 Qd7 12. b5 Bxf3 13. bxc6 Bxc6 14. Bb2 f6
15. Nc3 Bc5 16. Ne4 Bb6 17. c5 Bxe4 18. cxb6 Qxd3 19. bxc7 Rfc8 20. Rc1 Qxd1
21. Rexd1 Bc6 22. f4 exf4 23. Rc4 f3 24. gxf3 Rxc7 25. Kf2 Re8 26. Rcd4 Rce7
27. Rd8 Re2+ 28. Kg3 Rxb2 29. Rxe8+ Bxe8 30. Rd8 Kf7 31. a3 Rb3 32. Rb8 Bc6 0-1

[Event "20ème Open international de La Réunion"]
[Site "Salle des fêtes de Bellepierr"]
[Date "2018.10.15"]
[Round "3.13"]
[White "Ratsimikatry, Caryl Patrick"]
[Black "Laoussing, Mathis"]
[Result "1-0"]
[WhiteElo "1782"]
[BlackElo "1421"]
[PlyCount "73"]
[EventDate "2018.??.??"]

1. e4 d5 2. exd5 Nf6 3. Nf3 Nxd5 4. h3 Bf5 5. Bc4 e6 6. O-O Bd6 7. Nc3 Nf4 8.
Nb5 Qf6 9. Nxd6+ cxd6 10. d4 Nxh3+ 11. gxh3 Bxh3 12. Bd3 h6 13. Re1 g5 14. c3
g4 15. Nh2 Rg8 16. Re3 Nd7 17. Qa4 Ke7 18. Nf1 Bxf1 19. Bxf1 h5 20. Bg2 Nb6 21.
Qa5 Rab8 22. Qxa7 Nd7 23. Bxb7 Rxb7 24. Qxb7 d5 25. Qb4+ Ke8 26. Qd6 Qf5 27. a4
Nf6 28. Qe5 Qg6 29. a5 h4 30. a6 Ke7 31. a7 Qc2 32. a8=Q Rxa8 33. Rxa8 Qxc1+
34. Re1 Qd2 35. Qc7+ Nd7 36. Qd8+ Kd6 37. Ra6# 1-0

[Event "20ème Open international de La Réunion"]
[Site "Salle des fêtes de Bellepierr"]
[Date "2018.10.15"]
[Round "3.14"]
[White "Leost, Joel"]
[Black "Andriandaza, Tombo Omar"]
[Result "0-1"]
[WhiteElo "1350"]
[BlackElo "1742"]
[PlyCount "90"]
[EventDate "2018.??.??"]

1. e4 c5 2. Bc4 d6 3. Nc3 Nf6 4. d3 a6 5. a3 b5 6. Ba2 Bb7 7. Nf3 e6 8. O-O Be7
9. Bg5 h6 10. Bh4 Nbd7 11. Bg3 Nh5 12. Ne2 O-O 13. Rc1 Nxg3 14. fxg3 Bf6 15. c3
Qb6 16. Kh1 Rac8 17. Nd2 d5 18. Bb1 Bg5 19. Nf4 Rfd8 20. Qe2 dxe4 21. dxe4 Ne5
22. Rcd1 Rc6 23. h4 Be7 24. Qh5 Qc7 25. Rf2 Bf6 26. Rdf1 Rcd6 27. Nf3 Rd1 28.
Nxe5 Rxf1+ 29. Rxf1 Qxe5 30. Qe2 c4 31. Nh5 Be7 32. Qg4 Rd2 33. Kh2 Bc6 34. Nf4
Rxb2 35. Nd5 Bxd5 36. exd5 Qe2 37. Qxe2 Rxe2 38. dxe6 Rxe6 39. Rf3 Bxa3 40. Bf5
Rd6 41. Bc8 g6 42. Re3 Kf8 43. Bg4 f5 44. Be2 Kf7 45. Kg1 Bc5 0-1

[Event "20ème Open international de La Réunion"]
[Site "Salle des fêtes de Bellepierr"]
[Date "2018.10.15"]
[Round "3.15"]
[White "Hermanns, Luis"]
[Black "Desire, Michael"]
[Result "1-0"]
[WhiteElo "1253"]
[BlackElo "1702"]
[PlyCount "103"]
[EventDate "2018.??.??"]

1. d4 Nf6 2. c4 e5 3. dxe5 Ng4 4. Nf3 Bc5 5. e3 Nc6 6. b3 Ngxe5 7. Bb2 Qf6 8.
Nxe5 Nxe5 9. Be2 d6 10. Nd2 Nd3+ 11. Bxd3 Qxb2 12. O-O Bb4 13. Nf3 Bc3 14. Rc1
Bf6 15. Qc2 Qa3 16. c5 Bd7 17. Be4 c6 18. cxd6 Qxd6 19. Rfd1 Qe7 20. Bf5 Be6
21. Nd4 O-O 22. Nxe6 fxe6 23. Bxh7+ Kh8 24. Bg6 Bh4 25. f4 e5 26. Qe2 Bg5 27.
fxg5 Qxg5 28. Qh5+ Qxh5 29. Bxh5 Kh7 30. e4 Kh6 31. Bf3 Rf7 32. Rd6+ Kg5 33.
Rcd1 Rb8 34. Rd7 Rff8 35. Rxg7+ Kf6 36. Rgd7 Rh8 37. R1d6+ Kg5 38. Rg7+ Kf4 39.
Rdd7 Rh6 40. h3 Ke3 41. Rxb7 Rd8 42. Rbd7 Rf8 43. Rxa7 Rxf3 44. gxf3 Kxf3 45.
Raf7+ Kxe4 46. Rg4+ Kd5 47. Rg3 e4 48. Re7 Rh4 49. Re3 Kd4 50. R3xe4+ Rxe4 51.
Rxe4+ Kxe4 52. Kg2 1-0

[Event "20ème Open international de La Réunion"]
[Site "Salle des fêtes de Bellepierr"]
[Date "2018.10.15"]
[Round "3.16"]
[White "Bah, Ismael"]
[Black "Assie, Joel"]
[Result "1-0"]
[WhiteElo "1687"]
[BlackElo "1381"]
[PlyCount "71"]
[EventDate "2018.??.??"]

1. Nf3 Nf6 2. c4 c6 3. g3 e6 4. Bg2 b6 5. O-O Be7 6. Nc3 O-O 7. b3 Na6 8. d4
Rb8 9. a3 Bb7 10. Bb2 Qc7 11. Rc1 Rbd8 12. e4 d6 13. Qe2 c5 14. d5 e5 15. Nd2
Bc8 16. h3 Bd7 17. f4 Kh8 18. Kh2 g6 19. Nf3 exf4 20. gxf4 Kg8 21. Qe3 Rde8 22.
Rce1 Qd8 23. e5 dxe5 24. fxe5 Bd6 25. Qg5 Ng4+ 26. hxg4 f6 27. Qd2 fxe5 28. Ne4
Bxg4 29. Nxd6 Qxd6 30. Kg1 e4 31. Nh2 Bf5 32. Qc3 Rf6 33. Qxf6 Qxf6 34. Bxf6
Nb8 35. Re3 Nd7 36. Bc3 1-0

[Event "20ème Open international de La Réunion"]
[Site "Salle des fêtes de Bellepierr"]
[Date "2018.10.15"]
[Round "3.17"]
[White "Fautrel, Pierrick"]
[Black "Etheve, Lionel"]
[Result "0-1"]
[WhiteElo "1176"]
[BlackElo "1682"]
[PlyCount "36"]
[EventDate "2018.??.??"]

1. e4 e6 2. d4 d5 3. exd5 exd5 4. Nf3 Bd6 5. Bd3 Ne7 6. Nc3 c6 7. h3 Bf5 8. Qe2
Bxd3 9. Qxd3 Nd7 10. Bd2 a5 11. Ne2 O-O 12. O-O Ng6 13. Rfe1 Qc7 14. Bg5 Rfe8
15. Qf5 h6 16. Bh4 Nxh4 17. Nxh4 Re4 18. Nf3 g6 0-1

[Event "20ème Open international de La Réunion"]
[Site "Salle des fêtes de Bellepierr"]
[Date "2018.10.15"]
[Round "3.18"]
[White "Frelicot, Eric"]
[Black "Padre, Maxime"]
[Result "0-1"]
[WhiteElo "1666"]
[BlackElo "1353"]
[PlyCount "115"]
[EventDate "2018.??.??"]

1. e4 c6 2. d4 d5 3. e5 Bf5 4. Nc3 e6 5. g4 Bg6 6. h4 h6 7. Nge2 c5 8. Be3 Nd7
9. Nf4 Bh7 10. Bd3 Bxd3 11. Qxd3 Ne7 12. O-O-O c4 13. Qe2 a6 14. g5 Nf5 15. g6
Qe7 16. gxf7+ Qxf7 17. h5 O-O-O 18. Rhg1 b5 19. Rg6 Re8 20. Nfxd5 exd5 21. Rxa6
Kb7 22. Ra5 Nb6 23. Rxb5 Kc7 24. Rg1 Nh4 25. Qg4 Nf3 26. Rg3 Ng5 27. f4 Ne6 28.
f5 Ng5 29. e6 Nxe6 30. fxe6 Qxe6 31. Bf4+ Bd6 32. Bxd6+ Qxd6 33. Qxg7+ Re7 34.
Rxb6 Rxg7 35. Rxg7+ Kxb6 36. Rg6 Kc6 37. a4 Qxg6 38. hxg6 Rg8 39. b4 Rxg6 40.
b5+ Kd6 41. a5 Rg1+ 42. Kd2 h5 43. a6 h4 44. Ne2 Ra1 45. Nf4 Ra5 46. Ke2 Rxb5
47. Ng6 h3 48. Kf2 Ra5 49. Nf4 Rxa6 50. Nxh3 Ra2 51. Nf4 Rxc2+ 52. Ke3 Ra2 53.
Ne2 Ra3+ 54. Kd2 Kc6 55. Nc3 Rxc3 56. Kxc3 Kb5 57. Kc2 Kb4 58. Kd2 0-1

[Event "20ème Open international de La Réunion"]
[Site "Salle des fêtes de Bellepierr"]
[Date "2018.10.16"]
[Round "3.19"]
[White "Bosi-Lagarde, Arthur"]
[Black "Rajaobelina, Hery"]
[Result "0-1"]
[WhiteElo "1110"]
[BlackElo "1646"]
[PlyCount "46"]
[EventDate "2018.??.??"]

1. e4 c5 2. Nc3 e6 3. Nf3 d6 4. d3 Nf6 5. Be3 Be7 6. Be2 a6 7. O-O O-O 8. d4
cxd4 9. Qxd4 Nc6 10. Qb6 Qd7 11. Qb3 b5 12. Nd1 Nxe4 13. Qd3 d5 14. b3 Qc7 15.
c4 Nb4 16. Qd4 Bf6 17. Qb6 Qxb6 18. Bxb6 Bxa1 19. Bd4 Bxd4 20. Nxd4 Nd2 21. Re1
dxc4 22. bxc4 bxc4 23. Nf3 Nc2 0-1

[Event "20ème Open international de La Réunion"]
[Site "Salle des fêtes de Bellepierr"]
[Date "2018.10.15"]
[Round "3.20"]
[White "Duprey, Francois-Xavier"]
[Black "Sandjivy, Jean Marc"]
[Result "1-0"]
[WhiteElo "1589"]
[BlackElo "1271"]
[PlyCount "67"]
[EventDate "2018.??.??"]

1. c4 e5 2. Nc3 Nf6 3. Nf3 Nc6 4. d4 exd4 5. Nxd4 Nxd4 6. Qxd4 b6 7. e4 Bc5 8.
Qd3 Bb7 9. Be2 Qe7 10. Bf3 O-O 11. O-O Qe5 12. Re1 Rfe8 13. Rb1 Rad8 14. b4 Bd6
15. g3 c5 16. Bb2 Qd4 17. Qe2 Qe5 18. Nd5 Qe6 19. Bxf6 gxf6 20. Bg4 Qe5 21. Bf5
b5 22. Qh5 Bxd5 23. Bxh7+ Kg7 24. Bf5 Be6 25. Qh7+ Kf8 26. Bxe6 dxe6 27. bxc5
Bxc5 28. Rxb5 Rb8 29. Rxb8 Rxb8 30. Rd1 Bd4 31. c5 Qxc5 32. Qh8+ Ke7 33. Qxb8
Be5 34. Qd8# 1-0

[Event "20ème Open international de La Réunion"]
[Site "Salle des fêtes de Bellepierr"]
[Date "2018.10.15"]
[Round "3.21"]
[White "Eric Andriana, Fitia"]
[Black "Alex-Geerjanan, Nils"]
[Result "1-0"]
[WhiteElo "1186"]
[BlackElo "1015"]
[PlyCount "61"]
[EventDate "2018.??.??"]

1. e4 e5 2. Nf3 Nc6 3. Bc4 Nf6 4. Ng5 d5 5. exd5 Nxd5 (5... Na5 6. Bb5+ c6 7.
dxc6 bxc6) 6. Nxf7 Kxf7 7. Qf3+ Ke8 ({Crafty 19.17:} 7... Ke6 8. Nc3 Ncb4 9.
Qe4 c6 10. a3 b5 11. Bb3 Na6 12. d4 Qd6 13. dxe5 {[%eval -200,11]} Qxe5 14. f4
Qxe4+ 15. Nxe4 Be7) 8. Bxd5 Qf6 9. Qxf6 gxf6 10. Nc3 Nb4 11. Bb3 Ke7 12. a3 Nc6
13. Nd5+ Kd6 14. Nxf6 Nd4 15. Ne4+ Ke7 16. d3 Be6 17. Bg5+ Kd7 18. Bxe6+ Kxe6
19. O-O Be7 20. Bxe7 Kxe7 21. c3 Ne2+ 22. Kh1 Rhg8 23. g3 c5 24. Rae1 c4 25.
Rxe2 cxd3 26. Rd2 Rad8 27. Nc5 b6 28. Nxd3 e4 29. Re1 Rg4 30. h3 Rg5 31. Rxe4+
1-0

[Event "20ème Open international de La Réunion"]
[Site "Salle des fêtes de Bellepierr"]
[Date "2018.10.15"]
[Round "3.22"]
[White "Vaast, Jean"]
[Black "Mablouke, Ulrich"]
[Result "1/2-1/2"]
[WhiteElo "1377"]
[BlackElo "1460"]
[PlyCount "34"]
[EventDate "2018.??.??"]

1. b4 e6 2. Bb2 d5 3. Nf3 f5 4. a3 c6 5. e3 Nf6 6. c4 Be7 7. Be2 O-O 8. O-O Ne4
9. d3 Bf6 10. d4 Bg5 11. Nbd2 Nd7 12. Nxe4 fxe4 13. Nd2 Nf6 14. Nb3 b6 15. Rc1
Bd7 16. c5 {DIFFICILE A DECHIFFRER} a5 17. bxa5 bxa5 1/2-1/2

[Event "20ème Open international de La Réunion"]
[Site "Salle des fêtes de Bellepierr"]
[Date "2018.10.15"]
[Round "3.24"]
[White "Sandjivy, Yann"]
[Black "Ova, Roberto"]
[Result "0-1"]
[WhiteElo "1010"]
[BlackElo "1212"]
[PlyCount "52"]
[EventDate "2018.??.??"]

1. e4 c5 2. g3 Nc6 3. Nc3 Nf6 4. Nb5 Nxe4 5. d3 Qa5+ 6. c3 Nxf2 7. b4 cxb4 8.
Kxf2 Qxb5 9. c4 Qe5 10. Nf3 Qxa1 11. Nd2 e5 12. Nb3 Qxa2+ 13. Be2 Nd4 14. Bd2
Qxb3 15. Qxb3 Nxb3 16. Bg5 a5 17. Rf1 a4 18. Ke3 Bc5+ 19. Ke4 f6 20. Bc1 O-O
21. d4 Bxd4 22. c5 a3 23. Bc4+ Kh8 24. Bxb3 a2 25. Bb2 Bxb2 26. Bxa2 Rxa2 0-1

[Event "20ème Open international de La Réunion"]
[Site "Salle des fêtes de Bellepierr"]
[Date "2018.10.15"]
[Round "3.25"]
[White "Alfonsi, Romain"]
[Black "Cavillot-Delestage, Raphael"]
[Result "1-0"]
[WhiteElo "1173"]
[BlackElo "1009"]
[PlyCount "93"]
[EventDate "2018.??.??"]

1. e4 e5 2. Nf3 Nc6 3. Nc3 Nf6 4. Bb5 a6 5. Bxc6 bxc6 6. Nxe5 Qe7 7. Nf3 Nxe4
8. Qe2 Nxc3 9. Qxe7+ Bxe7 10. bxc3 O-O 11. O-O d5 12. d4 Bg4 13. Ne5 c5 14.
Nxg4 cxd4 15. cxd4 Bb4 16. Rb1 Bc3 17. Bb2 Ba5 18. Ne3 Rfd8 19. c3 h6 20. Rbc1
Rab8 21. Ba3 c6 22. Nf5 Rd7 23. Ne7+ Kh8 24. Nxc6 Rb5 25. Rb1 Rxb1 26. Rxb1
Bxc3 27. Bb4 Bxb4 28. Rxb4 Rc7 29. Rb6 Kg8 30. g3 a5 31. Nxa5 Rc1+ 32. Kg2 Rc2
33. a3 Rc3 34. Rb3 Rc7 35. Kf3 Kf8 36. Nb7 Ke7 37. Nc5 f6 38. Rb7 Rxb7 39. Nxb7
Ke6 40. Nc5+ Kf5 41. a4 g5 42. a5 g4+ 43. Ke3 Kg6 44. a6 f5 45. a7 Kg5 46. a8=Q
f4+ 47. gxf4+ 1-0

[Event "20ème Open international de La Réunion"]
[Site "Salle des fêtes de Bellepierr"]
[Date "2018.10.15"]
[Round "3.26"]
[White "Erudel, Irina"]
[Black "Hoareau-Fontaine, Clement"]
[Result "0-1"]
[WhiteElo "1009"]
[BlackElo "1130"]
[PlyCount "36"]
[EventDate "2018.??.??"]

1. e4 c5 2. Bb5 a6 3. Ba4 Nc6 4. Nf3 g6 5. O-O Bg7 6. Nc3 e6 7. Ne5 Bxe5 8. d3
d6 9. Bh6 Nxh6 10. b3 Bxc3 11. Rb1 O-O 12. d4 b5 13. dxc5 bxa4 14. cxd6 axb3
15. axb3 Bb7 16. b4 Nxb4 17. e5 Qg5 18. d7 Qxg2# 0-1

[Event "20ème Open international de La Réunion"]
[Site "Salle des fêtes de Bellepierr"]
[Date "2018.10.15"]
[Round "3.27"]
[White "Erudel, Maeva"]
[Black "Fautrel, Sebastien"]
[Result "1-0"]
[WhiteElo "1009"]
[BlackElo "1110"]
[PlyCount "99"]
[EventDate "2018.??.??"]

1. e4 e5 2. Nf3 Nf6 3. Nc3 Nc6 4. Bb5 Bc5 5. d3 Ng4 6. Qe2 O-O 7. Bg5 f6 8. Bh4
g5 9. Bg3 d6 10. Bc4+ Kh8 11. Nd5 Be6 12. O-O Bxd5 13. exd5 Nd4 14. Nxd4 Bxd4
15. c3 Bb6 16. Qxg4 h6 17. Qh5 Kg7 18. Rfe1 Qd7 19. Re2 Bc5 20. b4 Bb6 21. Rae1
Rae8 22. b5 Ba5 23. Rc1 Qf7 24. Qf3 a6 25. bxa6 bxa6 26. d4 e4 27. Rxe4 Rxe4
28. Qxe4 c6 29. Bxd6 cxd5 30. Bxd5 Rc8 31. Bxf7 Kxf7 32. Qd5+ Kg6 33. Qxa5 Rd8
34. Bc7 Re8 35. Qxa6 h5 36. Qc6 Re2 37. Qc4 Rd2 38. Kf1 g4 39. g3 Kg5 40. Ke1
Rb2 41. h4+ Kf5 42. d5 Rb7 43. d6 Kg6 44. Qc6 Rb2 45. Qe4+ Kf7 46. f4 gxf3 47.
Qxf3 Rb5 {DIFFICILE A DECHIFFRER} 48. Rc2 Rb1+ 49. Kd2 Ke8 50. d7+ 1-0

[Event "20ème Open international de La Réunion"]
[Site "Salle des fêtes de Bellepierre"]
[Date "2018.10.16"]
[Round "4.1"]
[White "Ranaivoharisoa, Alain"]
[Black "Gimenez Martinez, Alberto"]
[Result "1-0"]
[WhiteElo "2196"]
[BlackElo "2213"]
[PlyCount "93"]
[EventDate "2018.??.??"]

1. e4 c5 2. Nf3 d6 3. d4 Nf6 4. Nc3 cxd4 5. Qxd4 Nc6 6. Bb5 Bd7 7. Bxc6 Bxc6 8.
Bg5 e6 9. O-O-O Be7 10. Rhe1 O-O 11. Kb1 h6 12. Bh4 Qa5 13. Qd2 Rfe8 14. Nd4
Rac8 15. f3 Kh8 16. Bg3 Red8 17. e5 dxe5 18. Bxe5 Kg8 19. Qf2 b5 20. Ne4 Bxe4
21. fxe4 Ng4 22. Qg3 Nxe5 23. Qxe5 Rc5 24. Qg3 Qb4 25. Nb3 Rxd1+ 26. Rxd1 Rc8
27. Qf3 Bf6 28. c3 Qc4 29. Nd2 Qc6 30. a3 a5 31. Nb3 Qc7 32. Qe2 b4 33. cxb4
axb4 34. Rc1 Qb8 35. Rxc8+ Qxc8 36. a4 Qb8 37. g3 Qa7 38. a5 Bd4 39. Qc4 Be5
40. a6 Qg1+ 41. Qc1 Qb6 42. Qc4 Qg1+ 43. Qc1 Qb6 44. Qc8+ Kh7 45. Qc5 Bc7 46.
a7 Qa6 47. Qxc7 1-0

[Event "20ème Open international de La Réunion"]
[Site "Salle des fêtes de Bellepierre"]
[Date "2018.10.16"]
[Round "4.2"]
[White "Leveille, Francois"]
[Black "Ramasindraibe, Girard"]
[Result "0-1"]
[WhiteElo "2202"]
[BlackElo "2073"]
[PlyCount "78"]
[EventDate "2018.??.??"]

1. Nf3 c5 2. e4 d6 3. Bb5+ Nd7 4. d4 a6 5. Bxd7+ Bxd7 6. dxc5 dxc5 7. Nc3 e6 8.
Ne5 Nf6 9. Bg5 Be7 10. Qf3 Qc7 11. Nxd7 Qxd7 12. e5 Nd5 13. Bxe7 Nxe7 14. O-O
O-O 15. Qe4 Qc6 16. Qxc6 Nxc6 17. f4 Nd4 18. Rf2 Rad8 19. Ne4 b6 20. g4 Nc6 21.
Re1 Rd4 22. Kg2 Rfd8 23. h4 Nb4 24. a3 Nc6 25. h5 h6 26. Re3 Na5 27. Nd6 f6 28.
c3 Rd1 29. b4 Nc6 30. bxc5 fxe5 31. fxe5 bxc5 32. Nb7 R8d5 33. Ref3 Nxe5 34.
Rf8+ Kh7 35. Re8 Nxg4 36. Rff8 Rxh5 37. Rh8+ Kg6 38. Rxe6+ Kf5 39. Nxc5 Rh2+
0-1